| 000 | 00674cam a2200217 4500 | ||
|---|---|---|---|
| 001 | 3893 | ||
| 005 | 20181127172149.0 | ||
| 008 | 060915s2007 njua 001 0 eng | ||
| 010 | _a 2006934835 | ||
| 020 | _a0470037377 (pbk.) | ||
| 020 | _a9780470037379 (pbk.) | ||
| 100 | 1 | _aHarvey, Greg. | |
| 245 | 1 | 0 |
_aMicrosoft Office Excel 2007 for dummies / _cGreg Harvey. |
| 260 |
_aHoboken, N.J. : _bWiley, _cc2007. |
||
| 300 |
_axviii, 384 p., [8] p. of plates : _bill. (some col.) ; _c24 cm. |
||
| 440 | 0 | _a--For dummies | |
| 500 | _aIncludes index. | ||
| 630 | 0 | 0 | _aMicrosoft Excel (Computer file) |
| 650 | 0 |
_aBusiness _xComputer programs. |
|
| 650 | 0 | _aElectronic spreadsheets. | |
| 999 |
_c3173 _d3173 |
||